Priemyselná politika. 3 Ekonomické a inštitucionálne nástroje

Tretie pokračovanie výberu najdôležitejších častí zásadného vládneho dokumentu Priemyselná politika SR. Ekonomické nástroje: daňové úľavy pre podnikateľov pri revitalizácii a reštrukturalizácii svojich podnikov. Inštitucionálne nástroje: vznik podporných inštitúcií pre revitalizačný proces - Agentúr...

Description complète

Enregistré dans:
Détails bibliographiques
Auteur principal: Višváder, P.
Format: Chapitre de livre
Langue:slovaque
Sujets:
Tags: Ajouter un tag
Pas de tags, Soyez le premier à ajouter un tag!

MARC

LEADER 00000naa a2200000 4500
001 r020031
005 20230801103500.9
041 0 |a slo 
044 |a SK 
245 1 0 |a Priemyselná politika. 3  |b Ekonomické a inštitucionálne nástroje  |c P. Višváder 
520 |a Tretie pokračovanie výberu najdôležitejších častí zásadného vládneho dokumentu Priemyselná politika SR. Ekonomické nástroje: daňové úľavy pre podnikateľov pri revitalizácii a reštrukturalizácii svojich podnikov. Inštitucionálne nástroje: vznik podporných inštitúcií pre revitalizačný proces - Agentúra pre ekonomický rozvoj (AER), Nadácia na podporu poprivatizačného podnikania, Slovenský poprivatizačný fond, Slovenský úverový ústav, Agentúra pre priemyselný rozvoj a revitalizáciu (AIDR). 
610 2 0 |a Slovensko 
610 2 0 |a 1996 
610 2 0 |a politika priemyselná 
610 2 0 |a dokumenty vládne 
610 2 0 |a nástroje ekonomické 
610 2 0 |a nadácie 
610 2 0 |a agentúry 
610 2 0 |a investori 
100 1 |a Višváder, P.